[Event "XV Carlos Torre"]
[Site "Merida MEX"]
[Date "2002.12.14"]
[Round "2"]
[White "Aldama,D"]
[Black "Alford,J"]
[Result "1-0"]
[WhiteElo "2443"]
[BlackElo "2183"]
[EventDate "2002.12.13"]

1. e4 c5 2. Nf3 d6 3. d4 cxd4 4. Nxd4 Nf6 5. Nc3 g6 6. Be2 Bg7 7. O-O O-O
8. Bg5 Nc6 9. Nb3 Be6 10. Bh4 Rc8 11. f4 b5 12. a3 a5 13. Bf3 Qc7 14. a4 b4
15. Nd5 Bxd5 16. exd5 Nb8 17. Re1 Rfe8 18. Re2 Nbd7 19. Qd3 Nb6 20. Bf2 Nc4
21. c3 Qb7 22. Rc1 bxc3 23. Rxc3 Qb4 24. Bd4 Qxa4 25. Nc1 Qb5 26. Rec2 Nxd5
27. Bxd5 Qxd5 28. Bxg7 Qxd3 29. Nxd3 Kxg7 30. Rxc4 Rxc4 31. Rxc4 Rb8 32.
Kf2 Kf6 33. Ke2 g5 34. g3 gxf4 35. Rxf4+ Kg6 36. Rd4 Kf5 37. Rd5+ Ke4 38.
Rxa5 d5 39. Ra7 Re8 40. b4 Kd4 41. b5 e5 42. Kd2 Kc4 43. b6 f6 44. Rxh7 d4
45. b7 Rb8 46. Rc7+ 1-0

[Event "XV Carlos Torre"]
[Site "Merida MEX"]
[Date "2002.12.14"]
[Round "2"]
[White "Hernandez,Ya"]
[Black "Leon Hoyos,M"]
[Result "0-1"]
[WhiteElo "2234"]
[BlackElo "2261"]
[EventDate "2002.12.13"]

1. e4 c5 2. Nf3 g6 3. c3 Bg7 4. d4 cxd4 5. cxd4 d5 6. e5 Bg4 7. Bb5+ Nc6 8.
O-O Nh6 9. h3 Bxf3 10. Qxf3 O-O 11. Rd1 f6 12. e6 Nf5 13. Be3 Qb6 14. Nc3
Ncxd4 15. Bxd4 Nxd4 16. Qxd5 Rfd8 17. Bd7 Nf5 18. Ne4 Rac8 19. Qb3 Qxb3 20.
axb3 Ra8 21. Ra4 Nh6 22. Rc1 f5 23. Nc3 a6 24. b4 Rab8 25. Ra5 f4 26. Rc5
Nf5 27. b5 axb5 28. Rxb5 Nd4 29. Rb6 Nf5 30. Ne4 Bd4 31. Rb4 b6 32. Rd1 Be5
33. Rb5 Bg7 34. Rd2 f3 35. g4 Nd4 36. Rd5 Ne2+ 37. Kh2 Ra8 38. Ng5 Bh6 39.
h4 Ra1 40. Rd1 Ra2 41. Rb5 Bxg5 42. hxg5 Ra4 43. b4 Ra2 44. Rxb6 Nc3 45.
Rd3 Rxf2+ 46. Kg3 Ne4+ 47. Kf4 Rf8+ 48. Ke5 Re2 49. Bb5 Nc3+ 50. Kd4 Nxb5+
51. Rxb5 f2 0-1

[Event "XV Carlos Torre"]
[Site "Merida MEX"]
[Date "2002.12.14"]
[Round "2"]
[White "Ramirez,H"]
[Black "Hernandez,Je"]
[Result "1-0"]
[WhiteElo "2208"]
[BlackElo "2272"]
[EventDate "2002.12.13"]

1. e4 d6 2. d4 g6 3. c4 Bg7 4. Nc3 Nf6 5. f3 O-O 6. Be3 e5 7. Nge2 c6 8.
Qd2 Qa5 9. Ng3 Rd8 10. d5 cxd5 11. cxd5 Bd7 12. Bd3 Na6 13. O-O Rdc8 14. a3
Qd8 15. b4 Nc7 16. a4 h5 17. b5 Nce8 18. Rfc1 Qa5 19. Qb2 Qd8 20. a5 h4 21.
Nge2 Nh5 22. Qd2 f5 23. a6 b6 24. Ra2 f4 25. Bf2 Kh7 26. Rac2 Bh6 27. Kf1
h3 28. gxh3 Bxh3+ 29. Ke1 g5 30. Ng1 Qd7 31. Na4 g4 32. Bxb6 Rxc2 33. Rxc2
Qe7 34. Nxh3 Qh4+ 35. Qf2 Qxh3 36. Bf1 Qxf3 37. Qxf3 gxf3 38. Bxa7 Nhf6 39.
b6 Nxe4 40. Bd3 1-0

[Event "XV Carlos Torre"]
[Site "Merida MEX"]
[Date "2002.12.14"]
[Round "2"]
[White "Rosas Garcia,C"]
[Black "Guerrero,Ale"]
[Result "1/2-1/2"]
[WhiteElo "2002"]
[BlackElo "2020"]
[EventDate "2002.12.13"]

1. e4 g6 2. d4 Bg7 3. Nf3 c5 4. Nc3 Nc6 5. Be3 cxd4 6. Nxd4 d6 7. Qd2 Nf6
8. f3 O-O 9. O-O-O d5 10. Nxc6 bxc6 11. Bh6 Be6 12. Bxg7 Kxg7 13. e5 Nd7
14. h4 Nxe5 15. h5 Rh8 16. h6+ Kf8 17. Re1 Qd6 18. Rh4 f6 19. Rd4 c5 20.
Nb5 Qc6 21. Rf4 g5 22. Ra4 Rg8 23. f4 Nc4 24. Bxc4 dxc4 25. Qe3 Qxb5 26.
Qxe6 Qb7 27. Rxc4 gxf4 28. Rxf4 Rxg2 29. Rg4 Rxg4 30. Qxg4 e5 31. Rg1 Qf7
32. Qe4 Rd8 33. Qf5 Ke8 34. b3 c4 35. Rg7 Qd5 36. Qxf6 Qd2+ 37. Kb1 Qd1+
38. Kb2 c3+ 39. Ka3 Qd6+ 40. Qxd6 Rxd6 41. Rxh7 Re6 42. Rc7 Rxh6 43. Rxc3
Ra6+ 44. Kb2 Kd7 45. a4 Kd6 46. Rc4 Kd5 47. Kc3 Rg6 48. Kd2 a6 49. a5 Rh6
50. Rc8 Ke4 51. b4 Rd6+ 52. Ke2 Rh6 53. Rc4+ Kd5 54. Rc5+ Ke4 55. c3 Rh2+
56. Kf1 Rh6 57. Rc7 Kd3 58. c4 e4 59. b5 e3 60. Rd7+ Kxc4 61. b6 Kb5 62.
Rd8 Rh7 63. Rd5+ Kc4 64. Rd1 Kb5 65. Rb1+ Kxa5 1/2-1/2

[Event "XV Carlos Torre"]
[Site "Merida MEX"]
[Date "2002.12.14"]
[Round "2"]
[White "Lopez,Man MEX"]
[Black "Gutierrez,Re"]
[Result "1-0"]
[WhiteElo "2105"]
[BlackElo "2233"]
[EventDate "2002.12.13"]

1. e4 e6 2. d4 d5 3. e5 c5 4. c3 Nc6 5. Nf3 Qb6 6. Bd3 Bd7 7. dxc5 Bxc5 8.
O-O Qc7 9. b4 Bb6 10. Re1 a6 11. Bf4 O-O-O 12. Nbd2 Nge7 13. Nb3 Qb8 14. a4
Qa7 15. Qe2 Rdf8 16. b5 Na5 17. Nxa5 Bxa5 18. bxa6 b6 19. Nd4 Kb8 20. Rec1
Rc8 21. c4 Nc6 22. Nb5 Qxa6 23. cxd5 Nb4 24. Bc4 Bxb5 25. axb5 Qb7 26. dxe6
g5 27. Bg3 fxe6 28. Bxe6 Rce8 29. Bd7 Re7 30. e6+ Ka7 31. Rc7 Qxc7 32. Bxc7
Nd5 33. Bd6 Nf4 34. Rxa5+ bxa5 35. Qe3+ Kb7 36. Qe4+ Ka7 37. Qd4+ 1-0

[Event "XV Carlos Torre"]
[Site "Merida MEX"]
[Date "2002.12.14"]
[Round "2"]
[White "Hidalgo,M"]
[Black "Valverde,R"]
[Result "0-1"]
[WhiteElo "2079"]
[BlackElo "2216"]
[EventDate "2002.12.13"]

1. e4 c5 2. Nf3 d6 3. d4 cxd4 4. Nxd4 Nf6 5. Nc3 a6 6. Bc4 e6 7. Bb3 Nc6 8.
Be3 Bd7 9. Qe2 Qc7 10. O-O-O Rc8 11. f3 Ne5 12. g4 Nc4 13. g5 Ng8 14. Nf5
Ne7 15. Nd5 exd5 16. Bxc4 Bxf5 17. exf5 Qxc4 18. Rd3 Kd7 19. f6 gxf6 20.
gxf6 Nf5 21. Qg2 Qxd3 0-1

[Event "XV Carlos Torre"]
[Site "Merida MEX"]
[Date "2002.12.15"]
[Round "3"]
[White "Filippov,Va"]
[Black "Gonzalez,JC"]
[Result "1-0"]
[WhiteElo "2615"]
[BlackElo "2517"]
[EventDate "2002.12.13"]

1. Nf3 Nf6 2. c4 e6 3. g3 a6 4. Bg2 b5 5. b3 c5 6. Nc3 Qb6 7. O-O Bb7 8.
Re1 d5 9. cxd5 Nxd5 10. Bb2 Nd7 11. Nxd5 Bxd5 12. e4 Bb7 13. d4 cxd4 14.
Bxd4 Bc5 15. Rc1 Bxd4 16. Qxd4 Qxd4 17. Nxd4 Rb8 18. Nc6 Bxc6 19. Rxc6 Nb6
20. Rd1 O-O 21. Rdd6 Nc8 22. Rd7 a5 23. Bf1 b4 24. Ra6 Nb6 25. Rd1 Nc8 26.
Rxa5 Ne7 27. Rd2 Nc6 28. Rc5 Rfd8 29. Rxd8+ Nxd8 30. f4 Kf8 31. Kf2 Ra8 32.
Rc2 Ra7 33. Ke3 Ke7 34. Bb5 f6 35. Ba4 e5 36. Rc4 Rb7 37. fxe5 fxe5 38. Rc5
Kf6 39. Rc8 Nf7 40. Rc6+ Ke7 41. Ra6 Nd6 42. Bc6 Rc7 43. Kd3 h6 44. h4 Nc8
45. g4 Na7 46. Bd5 Rc3+ 47. Kd2 Nb5 48. Rb6 Nd4 49. Rxb4 Rc2+ 50. Kd3 Rxa2
51. Rb7+ Kd6 52. Rxg7 Rg2 53. b4 Rg3+ 54. Kc4 Rg1 55. Rg6+ Ke7 56. Rxh6
Rc1+ 57. Kd3 Rd1+ 58. Kc3 Rc1+ 59. Kb2 Rc2+ 60. Ka3 Rc3+ 61. Ka4 Rc1 62.
Ka5 Ra1+ 63. Kb6 Rb1 64. Kc5 Rc1+ 65. Bc4 Nc2 66. Re6+ Kf8 67. Rf6+ Ke7 68.
Rf7+ Ke8 69. Rf1 1-0

[Event "XV Carlos Torre"]
[Site "Merida MEX"]
[Date "2002.12.15"]
[Round "3"]
[White "Lalic,B"]
[Black "Espinosa,Ra MEX"]
[Result "1-0"]
[WhiteElo "2542"]
[BlackElo "2414"]
[EventDate "2002.12.13"]

1. d4 Nf6 2. c4 c5 3. d5 e6 4. Nc3 exd5 5. cxd5 d6 6. e4 g6 7. f4 Bg7 8.
Bb5+ Nfd7 9. Be2 Qh4+ 10. g3 Qe7 11. Nf3 O-O 12. O-O Re8 13. Re1 Qf8 14.
Bf1 a6 15. a4 Kh8 16. h3 c4 17. Nd2 Nc5 18. Nxc4 Nbd7 19. Bd2 Nf6 20. e5
dxe5 21. fxe5 Nh5 22. g4 Ng3 23. Bg2 Nd3 24. Re3 Qc5 25. Nd6 Rxe5 26. Nxf7+
Kg8 27. Nxe5 Bxe5 28. Qf3 Nf4 29. Qxg3 Bxc3 30. Qf2 Bb4 31. Bxb4 Qxb4 32.
Re8+ Kg7 33. Rc1 1-0

[Event "XV Carlos Torre"]
[Site "Merida MEX"]
[Date "2002.12.15"]
[Round "3"]
[White "Arencibia,W"]
[Black "Gulko,B"]
[Result "1-0"]
[WhiteElo "2521"]
[BlackElo "2594"]
[EventDate "2002.12.13"]

1. d4 e6 2. c4 Bb4+ 3. Bd2 a5 4. Nc3 d6 5. e3 e5 6. Bd3 Nf6 7. Nge2 O-O 8.
O-O Nc6 9. a3 Bxc3 10. Bxc3 Re8 11. d5 Nb8 12. Ng3 c6 13. dxc6 bxc6 14. Ne4
Nxe4 15. Bxe4 Ba6 16. Qa4 d5 17. cxd5 Bb5 18. Qc2 Bxf1 19. dxc6 Ra6 20.
Rxf1 Nxc6 21. Bxh7+ Kf8 22. Bd3 Rb6 23. Bc4 e4 24. Rd1 Qc7 25. Bd5 Qb8 26.
Bxc6 Rxc6 27. Bxg7+ 1-0

[Event "XV Carlos Torre"]
[Site "Merida MEX"]
[Date "2002.12.15"]
[Round "3"]
[White "Navarro,R"]
[Black "Kogan,Ar"]
[Result "1/2-1/2"]
[WhiteElo "2289"]
[BlackElo "2529"]
[EventDate "2002.12.13"]

1. d4 Nf6 2. Nf3 b6 3. Nc3 Bb7 4. Bg5 e6 5. e4 h6 6. Bxf6 Qxf6 7. Bd3 Nc6
8. e5 Qd8 9. O-O d5 10. exd6 Bxd6 11. Qe2 Nb4 12. Be4 c6 13. a3 Nd5 14.
Nxd5 cxd5 15. Bd3 Qc7 16. Ne5 Bxe5 17. dxe5 O-O 18. Rfe1 Rfd8 19. c3 d4 20.
c4 a5 21. b3 Qe7 22. Be4 Bxe4 23. Qxe4 Rac8 24. Qd3 Qc5 25. a4 Rd7 26. Re4
Qb4 27. Rb1 Rcd8 28. Rd1 Qc3 29. g3 Qb2 30. Re2 Qa3 31. Red2 Re7 32. Qc2
Red7 33. Rd3 Qc5 1/2-1/2

[Event "XV Carlos Torre"]
[Site "Merida MEX"]
[Date "2002.12.15"]
[Round "3"]
[White "Nogueiras,J"]
[Black "Ramirez,Al"]
[Result "1/2-1/2"]
[WhiteElo "2528"]
[BlackElo "2421"]
[EventDate "2002.12.13"]

1. c4 c5 2. Nf3 Nc6 3. d4 cxd4 4. Nxd4 g6 5. e4 Bg7 6. Nc2 d6 7. Be2 f5 8.
exf5 Bxf5 9. O-O Nf6 10. Ne3 Bd7 11. Nc3 O-O 12. Rb1 Kh8 13. b3 Rc8 14. Bb2
Ne5 15. Ncd5 Nxd5 16. Qxd5 Rb8 17. Qd2 b5 18. f4 Nf7 19. Bxg7+ Kxg7 20. c5
dxc5 21. Rbd1 Nd6 22. Qc3+ Kg8 23. Qxc5 Qb6 24. Qxb6 axb6 25. Nd5 Kf7 26.
Rfe1 Bc6 27. Nb4 Bb7 28. Bg4 Rfd8 29. Rc1 Ne8 30. Red1 Rd6 31. Rxd6 Nxd6
32. Kf2 Rd8 33. g3 Nf5 34. Rd1 Rxd1 35. Bxd1 Ke6 36. Be2 Nd4 37. Bf1 Kd6
38. Ke3 Nf5+ 39. Kd2 Kc5 40. Kc3 Be4 41. Na6+ Kc6 42. Be2 h5 43. Nb4+ Kc5
44. Nd3+ Bxd3 45. b4+ Kc6 46. Bxd3 e6 47. a3 h4 48. gxh4 Nxh4 49. Kd4 Nf3+
50. Ke3 Nxh2 51. Be2 Kd5 52. Bxb5 Ng4+ 53. Kf3 1/2-1/2

[Event "XV Carlos Torre"]
[Site "Merida MEX"]
[Date "2002.12.15"]
[Round "3"]
[White "Martin del Campo,R"]
[Black "Vega,J"]
[Result "1/2-1/2"]
[WhiteElo "2421"]
[BlackElo "2253"]
[EventDate "2002.12.13"]

1. e4 e5 2. Nf3 Nc6 3. Bc4 Bc5 4. c3 Bb6 5. d4 Qe7 6. O-O d6 7. h3 Nf6 8.
Re1 O-O 9. a4 a6 10. Na3 Re8 11. Nc2 h6 12. Ne3 Qd8 13. Nd5 Bd7 14. dxe5
Nxe5 15. Nxe5 dxe5 16. Qf3 Nxd5 17. Bxd5 Qe7 18. Qg3 Qf6 19. Be3 1/2-1/2

[Event "XV Carlos Torre"]
[Site "Merida MEX"]
[Date "2002.12.15"]
[Round "3"]
[White "Baldursson,Hr"]
[Black "Russek,G"]
[Result "1/2-1/2"]
[WhiteElo "2100"]
[BlackElo "2371"]
[EventDate "2002.12.13"]

1. e4 e6 2. d4 d5 3. exd5 exd5 4. c4 Nf6 5. Nc3 Bb4 6. Bd3 O-O 7. Nge2 c5
8. O-O cxd4 9. Nxd4 dxc4 10. Bxc4 Bg4 11. f3 Bc5 12. Be3 Nc6 13. Nce2 Nxd4
14. Bxd4 Bxd4+ 1/2-1/2

[Event "XV Carlos Torre"]
[Site "Merida MEX"]
[Date "2002.12.15"]
[Round "3"]
[White "Valverde,R"]
[Black "Huerta,R"]
[Result "1/2-1/2"]
[WhiteElo "2216"]
[BlackElo "2288"]
[EventDate "2002.12.13"]

1. e4 e6 2. d4 d5 3. Nc3 Bb4 4. e5 f6 5. Qg4 Qe7 6. Nf3 Nc6 7. Bd3 Bd7 8.
O-O O-O-O 9. Ne2 Qf7 10. c4 dxc4 11. Bxc4 Nge7 12. a3 Ba5 13. b4 Bb6 14.
Bb2 Nd5 15. Rac1 Nce7 16. Qe4 Qg6 17. Qc2 Qxc2 18. Rxc2 Ba4 19. Rd2 Kd7 20.
Re1 Kc8 21. Nc3 Bd7 22. Ne4 f5 23. Nc5 Bxc5 24. dxc5 a6 25. Nd4 Rhe8 26.
Rd3 Kb8 27. Bc1 h6 28. h4 Rf8 29. g3 Rde8 30. f4 c6 31. Bd2 Rg8 32. Kf2
Ref8 33. Rh1 Nc7 34. Rb3 Rc8 35. Be2 Ka8 36. Bf3 1/2-1/2

[Event "XV Carlos Torre"]
[Site "Merida MEX"]
[Date "2002.12.15"]
[Round "3"]
[White "Peric,Sl"]
[Black "Lopez,Man MEX"]
[Result "1-0"]
[WhiteElo "2282"]
[BlackElo "2105"]
[EventDate "2002.12.13"]

1. d4 Nf6 2. Nf3 c5 3. d5 d6 4. Nc3 g6 5. e4 Bg7 6. Bb5+ Bd7 7. a4 Bxb5 8.
axb5 Nbd7 9. h3 O-O 10. Bf4 Qb6 11. O-O a6 12. bxa6 Qxb2 13. Bd2 bxa6 14.
Rb1 Qa3 15. Qe2 Rfb8 16. Ra1 Qb2 17. Rfb1 Qxc2 18. Ne1 1-0

[Event "XV Carlos Torre"]
[Site "Merida MEX"]
[Date "2002.12.15"]
[Round "3"]
[White "Schaffenburg Ruiz,F"]
[Black "Ancheyta,T"]
[Result "1/2-1/2"]
[WhiteElo "2163"]
[BlackElo "2282"]
[EventDate "2002.12.13"]

1. e4 e6 2. d4 d5 3. Nd2 Nf6 4. Bd3 c5 5. dxc5 dxe4 6. Nxe4 Nxe4 7. Bxe4
Qxd1+ 8. Kxd1 Bxc5 9. Ke2 f5 10. Bd3 e5 11. Be3 Bxe3 12. Kxe3 Nc6 13. Bb5
O-O 14. Bxc6 bxc6 15. f3 Rd8 16. Nh3 f4+ 17. Ke2 Bxh3 18. gxh3 Rd6 19. Rad1
Rh6 20. Kd3 Re8 21. Ke4 Re7 22. Rd8+ Kf7 23. Rhd1 Rxh3 24. R1d2 Rh6 25. b4
Rg6 26. c4 Rg1 27. R8d7 Re1+ 28. Kf5 Re3 29. R2d3 e4 30. fxe4 R3xe4 31.
R3d4 g6+ 32. Kg4 h5+ 33. Kf3 Rxd4 34. Rxd4 g5 35. h4 Re3+ 36. Kf2 Kg6 37.
b5 cxb5 38. cxb5 Ra3 39. Rd6+ Kf5 40. Rd5+ Kg4 41. hxg5 Rxa2+ 42. Kf1 Rc2
43. g6 Rc7 44. Kf2 Rg7 45. Rd6 h4 46. Ra6 Rb7 47. Ra1 Rg7 48. Ra6 Rb7 49.
Ra1 Kf5 50. Rg1 Rg7 51. Rh1 Kg5 52. Rg1+ Kh5 53. Kf3 Rxg6 54. Ra1 Rg7 55.
Ra5 Kh6 56. Kxf4 Kh7 57. Ra6 Kg8 58. b6 axb6 59. Rxb6 Rh7 60. Rb8+ Kg7 61.
Rb7+ 1/2-1/2

[Event "XV Carlos Torre"]
[Site "Merida MEX"]
[Date "2002.12.15"]
[Round "3"]
[White "Hernandez,T"]
[Black "Rosas Garcia,C"]
[Result "1/2-1/2"]
[WhiteElo "2250"]
[BlackElo "2002"]
[EventDate "2002.12.13"]

1. e4 c5 2. d4 cxd4 3. c3 dxc3 4. Nxc3 d6 5. Nf3 Nf6 6. Bc4 e6 7. O-O a6 8.
Qe2 b5 9. Bb3 Ra7 10. e5 Ng4 11. Bg5 Be7 12. Bxe7 Qxe7 13. exd6 Qxd6 14.
Rfd1 Qe7 15. Nxb5 axb5 16. Qxb5+ Nd7 17. Qc4 O-O 18. Qxg4 Nf6 19. Qh4 Bb7
20. Ne5 Ba8 21. Rac1 Qb7 22. Qh3 Ra5 23. Nxf7 Kxf7 24. Bxe6+ Kg6 25. Rd3
Nh5 26. Bb3 Rg5 27. Rd6+ Rf6 28. Rxf6+ gxf6 29. f3 Nf4 30. Bc2+ f5 31.
Bxf5+ Rxf5 32. Qg4+ Kf6 33. Qh4+ Ke6 34. Re1+ Kd5 35. Qd8+ Kc6 36. Rc1+ Kb5
37. Qe8+ Ka5 38. b4+ Ka6 39. Qa4+ Kb6 40. Qc2 Qd7 41. Rd1 Nh3+ 42. Kf1 Qb5+
43. Qd3 Qxd3+ 44. Rxd3 Bd5 45. Rc3 Nf4 46. a4 Nd3 47. Ke2 Nxb4 48. Kf2 Bc6
49. g4 Rf7 50. Kg3 Bxa4 51. h4 Bc6 52. f4 Nd5 53. Rb3+ Kc5 54. f5 Kd4 55.
Ra3 Ne3 56. Ra6 Bd7 57. Kf4 Nd5+ 58. Kg3 Ke5 59. h5 Rg7 60. h6 Rg5 61. Rg6
Rxg6 62. fxg6 Nf6 63. gxh7 Nxh7 64. Kh4 Kf6 65. g5+ Nxg5 66. h7 Nxh7 67.
Kg3 Ke5 68. Kf3 Bf5 69. Ke3 Nf6 70. Kf3 Nd5 71. Kg3 Bc2 72. Kf3 Be4+ 73.
Kf2 Kd4 74. Kg3 Ke3 75. Kh4 Kf4 76. Kh3 Nc3 77. Kh2 1/2-1/2

[Event "XV Carlos Torre"]
[Site "Merida MEX"]
[Date "2002.12.15"]
[Round "3"]
[White "Tey,J"]
[Black "Hernandez,Ya"]
[Result "0-1"]
[WhiteElo "2085"]
[BlackElo "2234"]
[EventDate "2002.12.13"]

1. d4 Nf6 2. Nf3 g6 3. Nbd2 Bg7 4. e4 O-O 5. Be2 d6 6. O-O Nc6 7. c3 e5 8.
dxe5 dxe5 9. Qc2 Nh5 10. Nc4 Nf4 11. Bxf4 exf4 12. Rad1 Qe7 13. Nd4 Ne5 14.
Nxe5 Bxe5 15. Rfe1 c6 16. Bc4 Qc5 17. Bb3 Bg4 18. f3 Bd7 19. Kh1 Rad8 20.
a4 Bc8 21. Rd3 Qe7 22. Red1 h5 23. a5 a6 24. Ba2 Rde8 25. Kg1 Kg7 26. Qd2
h4 27. h3 Qg5 28. Kh1 Kh6 29. b4 Bc7 30. Nb3 Re5 31. Nc5 Re7 32. Bc4 Kg7
33. Qf2 Rfe8 34. Nd7 Rd8 35. Nc5 Rxd3 36. Rxd3 Be5 37. Qd2 Qg3 38. Rd8 Bxh3
39. gxh3 Qxh3+ 40. Qh2 Qxf3+ 41. Kg1 Qe3+ 42. Qf2 Bxc3 43. Kf1 Qxf2+ 0-1

[Event "XV Carlos Torre"]
[Site "Merida MEX"]
[Date "2002.12.15"]
[Round "3"]
[White "Hernandez,Je"]
[Black "Hidalgo,M"]
[Result "0-1"]
[WhiteElo "2272"]
[BlackElo "2079"]
[EventDate "2002.12.13"]

1. e4 c5 2. Nc3 Nc6 3. g3 e5 4. Bg2 d6 5. d3 Nf6 6. f4 Bg4 7. Nf3 Qd7 8.
O-O Be7 9. Ne2 O-O 10. c3 Rad8 11. Qc2 Rc8 12. Nh4 d5 13. f5 dxe4 14. dxe4
Rfd8 15. h3 Bxe2 16. Qxe2 Qd3 17. Kf2 Qxe2+ 18. Kxe2 Nh5 19. Rf3 Nxg3+ 20.
Rxg3 Bxh4 21. Rg4 Bf6 22. Be3 h5 23. Rg3 Bh4 24. Rf3 c4 25. Rg1 Rd3 26.
Rff1 Rcd8 27. Bf3 Be7 28. Bxh5 Rxe3+ 29. Kxe3 Bc5+ 30. Ke2 Bxg1 31. Rxg1 b5
32. Rd1 Rxd1 33. Kxd1 Kf8 34. Kc2 Ke7 35. b3 cxb3+ 36. Kxb3 a5 37. a4 bxa4+
38. Kxa4 f6 39. Be2 Kd6 40. h4 Kc5 41. h5 Kb6 42. Bb5 Kc5 43. Bd3 Kb6 44.
Be2 Nb8 45. Bc4 Nd7 46. Bd5 Nc5+ 47. Ka3 Nd3 48. c4 Nf4 49. Ka4 Nxh5 50.
Kb3 Nf4 51. Ka4 Nd3 52. Kb3 Kc5 53. Ka4 Nb2+ 54. Kxa5 Nxc4+ 55. Ka6 Nd6 56.
Bg8 Nxe4 57. Bh7 Nd6 0-1

[Event "XV Carlos Torre"]
[Site "Merida MEX"]
[Date "2002.12.16"]
[Round "4"]
[White "Ramirez,Al"]
[Black "Pigusov,E"]
[Result "1/2-1/2"]
[WhiteElo "2421"]
[BlackElo "2622"]
[EventDate "2002.12.13"]

1. e4 c5 2. Nf3 Nc6 3. d4 cxd4 4. Nxd4 g6 5. c4 Bg7 6. Be3 Nf6 7. Nc3 O-O
8. Be2 b6 9. O-O Bb7 10. f3 Qb8 11. Qd2 Rd8 12. Rad1 d6 13. Nd5 Nxd4 14.
Bxd4 Nxd5 1/2-1/2

[Event "XV Carlos Torre"]
[Site "Merida MEX"]
[Date "2002.12.16"]
[Round "4"]
[White "Zapata,A"]
[Black "Estrada Nieto,J"]
[Result "1-0"]
[WhiteElo "2556"]
[BlackElo "2345"]
[EventDate "2002.12.13"]

1. e4 e5 2. Nf3 Nc6 3. Bb5 a6 4. Ba4 Nf6 5. O-O Be7 6. Re1 b5 7. Bb3 d6 8.
a4 Bg4 9. c3 O-O 10. d3 Na5 11. Bc2 c5 12. Nbd2 Rb8 13. axb5 axb5 14. h3
Bd7 15. d4 cxd4 16. cxd4 Nc6 17. Nb3 Qc7 18. Bd2 exd4 19. Nbxd4 Rfe8 20.
Bb3 Bd8 21. Nxc6 Bxc6 22. Ng5 Rf8 23. Bf4 Ne8 24. Rc1 Qb7 25. Qc2 Bd7 26.
Bd5 Qa7 27. Qb3 Bc8 28. Be3 Qe7 29. Ra1 Bb6 30. Bxb6 Rxb6 31. Qe3 Ra6 32.
Rxa6 Bxa6 33. Ra1 Nc7 34. Bxf7+ Rxf7 35. Nxf7 Kxf7 36. Qb6 Ke8 37. f3 Bc8
38. Rc1 Kd8 39. Rc6 h6 40. Rxd6+ Ke8 41. Rc6 Kd8 42. Rc5 h5 43. Rxb5 Kd7
44. Rc5 Qd6 45. Qxd6+ Kxd6 46. Rxh5 Ne6 47. Rh4 1-0

[Event "XV Carlos Torre"]
[Site "Merida MEX"]
[Date "2002.12.16"]
[Round "4"]
[White "Kogan,Ar"]
[Black "Szekely,P"]
[Result "1-0"]
[WhiteElo "2529"]
[BlackElo "2417"]
[EventDate "2002.12.13"]

1. d4 Nf6 2. Nf3 g6 3. Nc3 d5 4. Bf4 c6 5. Qd2 b5 6. Ne5 Be6 7. f3 Bg7 8.
Bh6 Bxh6 9. Qxh6 Nbd7 10. Nd3 Qb6 11. e3 Bf5 12. Be2 a6 13. O-O c5 14. Nf4
e6 15. Rad1 Bxc2 16. Rd2 cxd4 17. exd4 g5 18. Qxg5 Bg6 19. Rc1 Rc8 20. Rdd1
Rd8 21. Bf1 Rg8 22. Qh6 Rb8 23. Kh1 Qd6 24. Re1 Bf5 25. Nce2 Kd8 26. g4
Bxg4 27. fxg4 Nxg4 28. Qh4+ Qe7 29. Qg3 Ngf6 30. Qc3 Qd6 31. Bg2 Ke7 32.
Nd3 Ng4 33. Nef4 Nf2+ 34. Nxf2 Qxf4 35. Nd3 Qg4 36. Bxd5 Rg5 37. Qb4+ Kf6
38. Rg1 Qh3 39. Rxg5 Kxg5 40. Qe7+ Kh6 41. Rg1 1-0

[Event "XV Carlos Torre"]
[Site "Merida MEX"]
[Date "2002.12.16"]
[Round "4"]
[White "Martin del Campo,J"]
[Black "Nogueiras,J"]
[Result "0-1"]
[WhiteElo "2346"]
[BlackElo "2528"]
[EventDate "2002.12.13"]

1. d4 Nf6 2. Nf3 e6 3. c4 b6 4. g3 Ba6 5. Qb3 c6 6. Bg2 d5 7. cxd5 cxd5 8.
Nc3 Be7 9. Bf4 O-O 10. Rc1 Bb7 11. O-O Nc6 12. Rfd1 Na5 13. Qc2 Rc8 14. Ne5
Ne4 15. f3 Nxc3 16. bxc3 Ba3 17. Rb1 Bd6 18. Rbc1 Rc7 19. e4 Qe7 20. Nd3
Rfc8 21. Qd2 Nc4 22. Qe1 Qd7 23. Bxd6 Nxd6 24. exd5 Bxd5 25. Nb4 Nb5 26.
Rd3 Bc4 27. Re3 a5 28. Nd3 Bxa2 29. Ne5 Qxd4 30. Rd1 Qc5 31. Qd2 Bb3 32.
Qd8+ Rxd8 33. Rxd8+ Qf8 34. Rxf8+ Kxf8 35. Bf1 Nxc3 36. Kf2 0-1

[Event "XV Carlos Torre"]
[Site "Merida MEX"]
[Date "2002.12.16"]
[Round "4"]
[White "Lobron,E"]
[Black "Peric,Sl"]
[Result "1/2-1/2"]
[WhiteElo "2500"]
[BlackElo "2282"]
[EventDate "2002.12.13"]

1. e4 e6 2. d4 d5 3. e5 b6 4. Nf3 h6 5. c4 Ne7 6. Nc3 Qd7 7. a3 dxc4 8.
Bxc4 Ba6 9. Ba2 c5 10. d5 exd5 11. Nxd5 Nxd5 12. Qxd5 Bb7 13. Qc4 Ba6 14.
Qe4 Bb7 15. Qe2 Ba6 16. e6 fxe6 17. Qxe6+ Qxe6+ 18. Bxe6 Nc6 19. Bd5 Rc8
20. Bf4 g5 21. Bg3 Ne7 22. Be4 Rd8 23. Be5 Rg8 24. Rd1 Bg7 25. Rxd8+ Kxd8
26. Bxg7 Rxg7 27. Kd2 Kc7 28. Re1 Nc8 29. h4 Nd6 30. hxg5 hxg5 31. Bd5 Bc4
32. Re5 g4 33. Nh4 Bxd5 34. Rxd5 Rf7 35. f3 Rh7 36. g3 gxf3 37. Ke3 Nc4+
38. Kxf3 Nxb2 39. Nf5 Nc4 40. g4 Kc6 41. Rd8 Ne5+ 42. Kf4 Ng6+ 43. Kf3 Ne5+
44. Kf4 Nc4 45. Rd3 b5 46. Ke4 a5 1/2-1/2

[Event "XV Carlos Torre"]
[Site "Merida MEX"]
[Date "2002.12.16"]
[Round "4"]
[White "Garcia,Gild"]
[Black "Baltazar,R"]
[Result "1-0"]
[WhiteElo "2480"]
[BlackElo "2278"]
[EventDate "2002.12.13"]

1. e4 c5 2. Nf3 d6 3. c3 e6 4. d4 cxd4 5. cxd4 Nf6 6. Nc3 Be7 7. Bd3 a6 8.
O-O Nc6 9. e5 dxe5 10. dxe5 Nd5 11. Nxd5 exd5 12. Qa4 Be6 13. Be3 Qd7 14.
Nd4 O-O 15. Nxc6 bxc6 16. Rfc1 Qb7 17. b3 Bd7 18. Bc5 Rfe8 19. Bxe7 Rxe7
20. Qh4 Rxe5 21. Qxh7+ Kf8 22. Qh8+ Ke7 23. Qxg7 Qb8 24. Re1 Rxe1+ 25.
Rxe1+ Be6 26. Bf5 Kd6 27. Bxe6 fxe6 28. Qe5+ Kc5 29. Qe3+ Kd6 30. Qxe6+ Kc7
31. Qe7+ Kc8 32. Qf7 Qc7 33. Re8+ Kb7 34. Qxc7+ 1-0

[Event "XV Carlos Torre"]
[Site "Merida MEX"]
[Date "2002.12.16"]
[Round "4"]
[White "Soppe,G"]
[Black "Leon Hoyos,M"]
[Result "1-0"]
[WhiteElo "2469"]
[BlackElo "2261"]
[EventDate "2002.12.13"]

1. d4 Nf6 2. Nf3 c5 3. e3 g6 4. dxc5 Qa5+ 5. Nbd2 Bg7 6. a3 Nc6 7. c4 O-O
8. Rb1 Qxc5 9. b4 Qf5 10. Bb2 d6 11. Be2 b6 12. O-O Bb7 13. Qb3 Rfd8 14.
Rfd1 Rac8 15. Rbc1 Ne5 16. Nxe5 dxe5 17. Nf3 Bxf3 18. Bxf3 e4 19. Be2 Ng4
20. Bxg4 Qxg4 21. Rxd8+ Rxd8 22. Bxg7 Kxg7 23. Qb2+ f6 24. h3 Qd7 25. c5
bxc5 26. bxc5 Qc6 27. Qb4 Rd7 28. a4 Rb7 29. Qa5 Rc7 30. Qb5 Rc8 31. Rc4
Kf7 32. h4 Ke8 33. Rc1 Qxb5 34. axb5 Kd7 35. Kh2 Rb8 36. Rb1 a6 37. Rd1+
Kc7 38. bxa6 Kc6 39. Kg3 Ra8 40. Ra1 Kxc5 41. Kf4 Kd6 42. Kxe4 e5 43. g4
Ra7 44. Ra5 Ke6 45. Kd3 Kd6 46. Kc4 Kc6 47. Ra2 h6 48. h5 gxh5 49. gxh5 f5
50. f3 f4 51. e4 Kd6 52. Kb5 Kc7 53. Rg2 1-0

[Event "XV Carlos Torre"]
[Site "Merida MEX"]
[Date "2002.12.16"]
[Round "4"]
[White "Gulko,B"]
[Black "Vega,J"]
[Result "1-0"]
[WhiteElo "2594"]
[BlackElo "2253"]
[EventDate "2002.12.13"]

1. c4 Nf6 2. Nc3 g6 3. d4 Bg7 4. Bg5 d6 5. e3 Nbd7 6. Be2 c5 7. Nf3 O-O 8.
Qc2 a6 9. O-O b6 10. d5 b5 11. cxb5 axb5 12. Bxb5 Ba6 13. e4 Qa5 14. a4
Rfb8 15. Bd2 Qd8 16. Rfe1 1-0

[Event "XV Carlos Torre"]
[Site "Merida MEX"]
[Date "2002.12.16"]
[Round "4"]
[White "Alayola,J"]
[Black "Martin del Campo,R"]
[Result "0-1"]
[WhiteElo "2205"]
[BlackElo "2421"]
[EventDate "2002.12.13"]

1. Nf3 Nf6 2. b3 g6 3. Bb2 Bg7 4. e3 d6 5. d4 O-O 6. Be2 Nbd7 7. O-O e5 8.
dxe5 Ng4 9. Nbd2 Re8 10. Nc4 Ngxe5 11. Nfxe5 dxe5 12. e4 Qe7 13. Qc1 b6 14.
Qe3 Bb7 15. Rad1 Nf6 16. Nxe5 Nxe4 17. Rd7 Qxd7 18. Nxd7 Bxb2 19. Bf3 Rad8
20. Rd1 Nd6 21. Qd3 Bxf3 22. gxf3 Rxd7 23. c3 Rde7 24. Rd2 Bc1 25. Rd1 Bf4
26. Kg2 Nf5 27. Qd5 Re2 28. Kh1 h5 29. Qc6 0-1